Score 0/12 Timer 05:00
0 Plays Today
Number in current fleet Answer % Correct
13Airbus A320-200
93.4%
4Airbus A319-100
90.1%
8Airbus A330-300
90.1%
8Airbus A321-200
87.5%
8Airbus A340-300
80.9%
29Boeing 737-800
68.4%
29Boeing 737-700
65.8%
19Boeing 737-600
54.6%
6Airbus A320 NEO
38.2%
17ATR72-600
10.5%
19Bombardier CRJ900NG
10.5%
2ATR72-500
6.6%

You're not logged in!

Compare scores with friends on all Sporcle quizzes.
OR
Log In

Sporcle TV

Today on Sporcle TV


Watch our educational content, quiz creation guides, and fun videos on Sporcle TV.

Show Comments

Extras

Top Quizzes Today


Score Distribution

Paid Content

Your Account Isn't Verified!

In order to create a playlist on Sporcle, you need to verify the email address you used during registration. Go to your Sporcle Settings to finish the process.

Report this User

Report this user for behavior that violates our Community Guidelines.

Details: